000 00373nam a2200145Ia 4500
005 20250423094729.0
008 250422s9999 xx 000 0 und d
020 _a0-8151-8505-7
100 _aMartin Silberberg
245 0 _aChemistry : The Molecular Nature of Matter and Change
260 _bMosby- Year Book, inc.
260 _c1996
300 _a1062 p
942 _cBK
999 _c28122
_d28122